| 000 | 00814nam a2200241Ia 4500 | ||
|---|---|---|---|
| 003 | OSt | ||
| 005 | 20220923211613.0 | ||
| 006 | a|||||r|||| 00| 0 | ||
| 007 | ta | ||
| 008 | 220922b |||||||| |||| 00| 0 hin d | ||
| 024 | _a401 | ||
| 037 | _cTextual | ||
| 040 |
_aARTS _cARTS _bhin |
||
| 041 |
_2hin _ahin |
||
| 082 | _aQ2213j, L3 | ||
| 100 | _aगोस्वामी, माधव | ||
| 245 | 0 |
_aपुष्टि पाथेय _b गो श्री द्वारकेशलालजी महाराज स्मृति ग्रंथ |
|
| 246 | _aPuṣhṭi pātheya: go shrī dvārakeshalālajī hinārāj smṛuti grantha | ||
| 260 | _c1973 | ||
| 300 |
_a435p. _ccm. |
||
| 942 |
_hQ2213j, L3 _cTEXL _2CC |
||
| 999 |
_c301307 _d301307 |
||